|
|
|
|
| LEADER |
00000nam0a2200000 4500 |
| 001 |
56974 |
| 005 |
20231101211633.0 |
| 035 |
|
|
|a (RuTPU)RU\TPU\book\59938
|
| 090 |
|
|
|a 56974
|
| 100 |
|
|
|a 20031020d2002 m y0rusy50 ca
|
| 101 |
0 |
|
|a rus
|
| 102 |
|
|
|a RU
|
| 105 |
|
|
|a a j 001zy
|
| 200 |
1 |
|
|a Физика
|e учебное пособие
|f А. П. Мамонтов
|g Томский политехнический университет (ТПУ), Институт дистанционного образования (ИДО)
|
| 210 |
|
|
|a Томск
|c Изд-во ТПУ
|d 2002
|
| 215 |
|
|
|a 140 с.
|c ил.
|
| 320 |
|
|
|a Библиогр.: с. 136.
|
| 327 |
0 |
|
|a Содерж.: Колебательные и волновые процессы. Волновая оптика. Квантовая природа излучения . Основы атомной физики и квантовой механики. Основы физики атомного ядра и элементарных частиц. Основные черты современной физической картины мира.
|
| 451 |
|
1 |
|0 (RuTPU)RU\TPU\book\72171
|t Физика. Волновая оптика. Квантовая природа излучения. Основы квантовой физики и квантовой механики. Основы физики атомного ядра, элементарных частиц и физики твердого тела
|o учебное пособие
|f Э. В. Поздеева, В. Л. Ульянов, А. П. Мамонтов
|g ТПУ
|c Томск
|n Изд-во ТПУ
|d 2004
|p 139 с.
|a Поздеева, Эльвира Вадимовна
|
| 451 |
|
1 |
|0 (RuTPU)RU\TPU\book\11008
|t Физика. Волновая оптика. Квантовая природа излучения
|o учебное пособие
|f А. П. Мамонтов, Э. В. Поздеева, В. Л. Ульянов
|g Томский политехнический университет
|c Томск
|n Изд-во ТПУ
|d 1999
|p 137 с.
|s Учебники Томского политехнического университета
|a Мамонтов, Аркадий Павлович
|
| 606 |
|
|
|a Физика
|2 stltpush
|3 (RuTPU)RU\TPU\subj\63709
|9 80688
|
| 610 |
1 |
|
|a колебания
|
| 610 |
1 |
|
|a волны
|
| 610 |
1 |
|
|a волновая оптика
|
| 610 |
1 |
|
|a электромагнитные волны
|
| 610 |
1 |
|
|a излучение
|
| 610 |
1 |
|
|a квантовая природа
|
| 610 |
1 |
|
|a водородоподобные системы
|
| 610 |
1 |
|
|a квантовая механика
|
| 610 |
1 |
|
|a атомная физика
|
| 610 |
1 |
|
|a молекулярная физика
|
| 610 |
1 |
|
|a квантовая статистика
|
| 610 |
1 |
|
|a уравнения Максвелла
|
| 610 |
1 |
|
|a твердые тела
|
| 610 |
1 |
|
|a атомное ядро
|
| 610 |
1 |
|
|a мир
|
| 610 |
1 |
|
|a физическая картина мира
|
| 610 |
1 |
|
|a учебные пособия
|
| 675 |
|
|
|a 53(075.8)
|v 3
|
| 700 |
|
1 |
|a Мамонтов
|b А. П.
|g Аркадий Павлович
|
| 712 |
0 |
2 |
|a Томский политехнический университет (ТПУ)
|b Институт дистанционного образования (ИДО)
|2 stltpush
|3 (RuTPU)RU\TPU\col\12625
|
| 801 |
|
1 |
|a RU
|b 63413507
|c 20031020
|g PSBO
|
| 801 |
|
2 |
|a RU
|b 63413507
|c 20170331
|g PSBO
|
| 942 |
|
|
|c BK
|